NBA Best 10 Centers of all-times - Statistics

General Stats
  • This quiz has been taken 91 times
  • The average score is 8 of 10
Answer Stats
Rank Answer % Correct
1 Kareem Abdul-Jabbar
98%
4 Shaquille O'Neal
98%
2 Wilt Chamberlain
96%
3 Bill Russell
91%
5 Hakeem Olajuwon
89%
7 David Robinson
84%
6 Moses Malone
74%
8 Patrick Ewing
61%
10 Bill Walton
54%
9 George Mikan
40%
No matching quizzes found
Score Distribution
Percent of People with Each Score
Percentile by Number Answered
Your Score History
You have not taken this quiz